000 00546nam a22001937a 4500
003 KOHA_MİRAKIL
005 20251030152233.0
008 251030b tu ||||| |||| 00| 0 tur d
020 _a9786057639851
040 _aTR-AnABB
_btur
_cTR-AnABB
041 _atur
082 _a828.3354
_bDUN 2022
100 1 _aDunbar, Paul Laurence,
245 1 0 _aTanrıların oyunu /
_cPaul Laurence Dunbar
260 _aİstanbul :
_bDedalus Kitap,
_c2022
300 _a148 sayfa ;
_c20 cm
650 0 4 _aAmerikan edebiyatı, roman
942 _2ddc
_cBK
999 _c9247
_d9247
900 _bGizem YORULMAZ